Statistics for World Currencies with an Empty Map

Click here to take the quiz!

General Stats

  • This quiz has been taken 1,646 times
    (1,605 since last reset)
  • The average score is 139 of 196

Answers on the Map

Answers color-coded by a green-red scale on the quiz's map according to % correct below.
 

Answer Stats

Money and Country% Correct
Dollar Antigua and Barbuda
99%
Dollar Australia
99%
Dollar Bahamas
99%
Dollar Barbados
99%
Dollar Belize
99%
Dollar Brunei
99%
Dollar Canada
99%
Dollar Dominica
99%
Dollar East Timor
99%
Dollar Ecuador
99%
Dollar Fed. States of Micronesia
99%
Dollar Fiji
99%
Dollar Grenada
99%
Dollar Guyana
99%
Dollar Jamaica
99%
Dollar Kiribati
99%
Dollar Liberia
99%
Dollar Marshall Islands
99%
Dollar Namibia
99%
Dollar Nauru
99%
Dollar New Zealand
99%
Dollar Palau
99%
Dollar Singapore
99%
Dollar Solomon Islands
99%
Dollar St. Kitts and Nevis
99%
Dollar St. Lucia
99%
Dollar St. Vincent and Grenadines
99%
Dollar Taiwan
99%
Dollar Trinidad and Tobago
99%
Dollar Tuvalu
99%
Dollar United States
99%
Dollar Zimbabwe
99%
Euro Andorra
98%
Euro Austria
98%
Euro Belgium
98%
Euro Cyprus
98%
Euro Estonia
98%
Euro Finland
98%
Euro France
98%
Euro Germany
98%
Euro Greece
98%
Euro Ireland
98%
Euro Italy
98%
Euro Kosovo
98%
Euro Latvia
98%
Euro Lithuania
98%
Euro Luxembourg
98%
Euro Malta
98%
Euro Monaco
98%
Euro Montenegro
98%
Euro Netherlands
98%
Euro Portugal
98%
Euro San Marino
98%
Euro Slovakia
98%
Euro Slovenia
98%
Euro Spain
98%
Euro Vatican City
98%
Dollar Suriname
97%
Peso Argentina
93%
Peso Chile
93%
Peso Colombia
93%
Peso Cuba
93%
Peso Dominican Republic
93%
Peso Mexico
93%
Peso Philippines
93%
Peso Uruguay
93%
Yen Japan
92%
Pound Egypt
91%
Pound Lebanon
91%
Pound South Sudan
91%
Pound Syria
91%
Pound United Kingdom
91%
Ruble Belarus
89%
Ruble Russia
89%
Rupee Bhutan
85%
Rupee India
85%
Rupee Mauritius
85%
Rupee Nepal
85%
Rupee Pakistan
85%
Rupee Seychelles
85%
Rupee Sri Lanka
85%
Franc Benin
82%
Franc Burkina Faso
82%
Franc Burundi
82%
Franc Cameroon
82%
Franc Central African Republic
82%
Franc Chad
82%
Franc Comoros
82%
Franc Dem. Rep. of the Congo
82%
Franc Djibouti
82%
Franc Equatorial Guinea
82%
Franc Gabon
82%
Franc Guinea
82%
Franc Guinea Bissau
82%
Franc Ivory Coast
82%
Franc Liechtenstein
82%
Franc Mali
82%
Franc Niger
82%
Franc Republic of the Congo
82%
Franc Rwanda
82%
Franc Senegal
82%
Franc Switzerland
82%
Franc Togo
82%
Yuan China
78%
Krone Denmark
74%
Krone Norway
74%
Dinar Algeria
73%
Dinar Bahrain
73%
Dinar Iraq
73%
Dinar Jordan
73%
Dinar Kuwait
73%
Dinar Libya
73%
Dinar Serbia
73%
Dinar Sudan
73%
Dinar Tunisia
73%
Lira Turkey
73%
Rial Iran
72%
Rial Yemen
72%
Krona Iceland
70%
Krona Sweden
70%
Real Brazil
68%
Zloty Poland
68%
Won North Korea
64%
Won South Korea
64%
Bolivar Venezuela
58%
Rand South Africa
58%
Riel Cambodia
58%
Shilling Kenya
56%
Shilling Somalia
56%
Shilling Tanzania
56%
Shilling Uganda
56%
Baht Thailand
54%
Dong Vietnam
53%
Mark Bosnia and Herzegovina
52%
Koruna Czech Republic
51%
Riyal Oman
51%
Riyal Qatar
51%
Riyal Saudi Arabia
51%
Dirham Morocco
49%
Dirham United Arab Emirates
49%
Rupiah Indonesia
49%
Lev Bulgaria
48%
Forint Hungary
47%
Leu Moldova
47%
Leu Romania
47%
Afghani Afghanistan
46%
Quetzal Guatemala
46%
Shekel Israel
45%
Sol Peru
45%
Lek Albania
44%
Denar North Macedonia
42%
Boliviano Bolivia
40%
Som Kyrgyzstan
40%
Som Uzbekistan
40%
Hryvnia Ukraine
39%
Colon Costa Rica
38%
Colon El Salvador
38%
Guarani Paraguay
38%
Kuna Croatia
38%
Ringgit Malaysia
38%
Manat Azerbaijan
37%
Manat Turkmenistan
37%
Escudo Cape Verde
36%
Dram Armenia
35%
Kwanza Angola
35%
Naira Nigeria
34%
Tenge Kazakhstan
34%
Balboa Panama
33%
Birr Ethiopia
33%
Kip Laos
33%
Kwacha Malawi
33%
Kwacha Zambia
33%
Lari Georgia
32%
Lempira Honduras
32%
Cedi Ghana
31%
Cordoba Nicaragua
31%
Gourde Haiti
31%
Kyat Myanmar
31%
Pula Botswana
31%
Somoni Tajikistan
31%
Taka Bangladesh
31%
Leone Sierra Leone
30%
Metical Mozambique
29%
Ariary Madagascar
28%
Kina Papua New Guinea
28%
Rufiyaa Maldives
28%
Loti Lesotho
27%
Dalasi Gambia
26%
Nakfa Eritrea
26%
Ouguiya Mauritania
26%
Tala Samoa
26%
Vatu Vanuatu
26%
Dobra São Tomé and Príncipe
25%
Lilangeni Eswatini
25%
Paʻanga Tonga
25%
Tugrik Mongolia
21%

Score Distribution

Percentile by Number Answered

Percent of People with Each Score

Your Score History

You have not taken this quiz since the last reset